Statistiken für Meistverkaufte Videospiele aller Zeiten

Klicken Sie hier um das Quiz zu spielen!

Allgemein

  • Dieses Quiz wurde 501 mal gespielt
  • Das Durchschnittsergebnis liegt bei 10 aus 15

Antwortstatistiken

HintAntwort% Korrekt
Gangster, Autos, ÜberfälleGTA V
99%
Kreativität steht ganz oben, ist nie ausgestorbenMinecraft
97%
Bunte Blöcke fallen immer schneller herunterTetris
95%
Ausrasten mit Freunden und Familie weil man überholt wirdMariokart
88%
Kleiner Mann mit grüner Mütze und SchwertThe Legend of Zelda
84%
Sportlichkeit mit einem ControllerWii Sports
81%
Bekanntestes Spiel auf der Liste, Brüder hüpfen herumSuper Mario Brothers
75%
Das Spiel hatte 2018 seinen Hype, mittlerweile Chapter 2Fortnite
72%
Waffen, Explosionen und der Gegner von BattlefieldCall of Duty
70%
Cowboys und PferdeRead Dead Redemption
68%
KIndheitsspiel, hat auf dem GameBoy angefangenPokemon
51%
Wie das andere Blockspiel nur in 2DTerraria
48%
Entspannung, Bauen und BewohnerAnimal Crossing
41%
Heldenshooter mit viel Story und Lore, Teil 2 steht anOverwatch
28%
Comic-Style und viele ExplosionenBorderlands
17%

Verteilung der Resultate

Perzentil nach korrekt beantworteten Fragen

Anzahl Personen mit jedem Resultat

Ihre Resultats-Entwicklung

Sie haben dieses Quiz noch nicht gespielt